000
00341nam a2200145Ia 4500
008
230718s9999 xx 000 0 und d
041
_a
Eng.
082
_a
392.3
_b
BRA-T
100
_a
Bradon, Besnard
245
4
_a
The leidres of Shamper
260
_a
Pakistan
_b
oxford cringy Press
_c
1960
300
_a
231
650
_a
Law
999
_c
26618
_d
26618